| 000 -ლიდერი |
| ფიქსირებული სიგრძის საკონტროლო ველი |
01260nam a2200253Ia 4500 |
| 001 - საკონტროლო ნომერი |
| საკონტროლო ველი |
6005 |
| 003 - საკონტროლო ნომრის იდენტიფიკატორი |
| საკონტროლო ველი |
GE_BSU |
| 005 - ბოლო ოპერაციის თარიღი და დრო |
| საკონტროლო ველი |
20190627193042.0 |
| 008 - ფიქსირებული სიგრძის მონაცემთა ელემენტები - ზოგადი ინფორმაცია |
| ფიქსირებული სიგრძის საკონტროლო ველი |
181216s1979|||| |||||||||||||| ||geo|| |
| 041 ## - ენის კოდი |
| Language code of text/sound track or separate title |
geo |
| 080 ## - უნივერსალური ათობითი კლასიფიკაციის ინდექსი |
| Universal Decimal Classification number |
621.38(075.8) გ-35 |
| 100 ## - მთავარი ჩანაწერი - პიროვნების სახელი |
| Personal name |
გერასიმოვი, ვ. |
| 9 (RLIN) |
3011 |
| 245 ## - ცნობა სათაურის შესახებ |
| Title |
სამრეწველო ელექტრონიკის საფუძვლები : სახელმძღვ. / |
| Statement of responsibility, etc |
ვ.გერასიმოვი ; ო. კნიაზოვი ; ა. კრასნოპოლსკი ; მთარგმნ : .ა.ნოზაძე ; რედ : პ.ლაბარტყავა. |
| 264 ## - წარმოების, გამოცემის, დისტრიბუციის და სხვა ცნობები |
| გამოცემის, წარმოების, დისტრიბუციის... ადგილი |
თბილისი : |
| გამოცემის, წარმოების, დისტრიბუციის... სახელწოდება |
განათლება, |
| გამოცემის, წარმოების, დისტრიბუციის... თარიღი |
1979. |
| 300 ## - ფიზიკური აღწერა |
| Extent |
323 გვ .: |
| Other physical details |
ილ ; |
| Dimensions |
22 სმ. |
| 504 ## - BIBLIOGRAPHY, ETC. NOTE |
| Bibliography, etc |
ბიბლიოგრ.:გვ.321 |
| 653 ## - INDEX TERM--UNCONTROLLED |
| Uncontrolled term |
სამრეწველო ელექტონიკა |
| 653 ## - INDEX TERM--UNCONTROLLED |
| Uncontrolled term |
ტექნიკა |
| 700 ## - ADDED ENTRY--PERSONAL NAME |
| Personal name |
კნიაზოვი, ო |
| 9 (RLIN) |
3012 |
| 700 ## - ADDED ENTRY--PERSONAL NAME |
| Personal name |
კრასნოპოლსკი, ა |
| 9 (RLIN) |
3013 |
| 700 ## - ADDED ENTRY--PERSONAL NAME |
| Personal name |
.ნოზაძე; ა |
| Relator term |
რედაქტორი |
| 9 (RLIN) |
3014 |
| 700 ## - ADDED ENTRY--PERSONAL NAME |
| Personal name |
ლაბარტყავა, პ |
| Relator term |
რედაქტორი |
| 9 (RLIN) |
523 |
| 942 ## - ADDED ENTRY ELEMENTS (KOHA) |
| Koha item type |
წიგნი |
| Source of classification or shelving scheme |
|